| 000 | 00633nam a2200193 a 4500 | ||
|---|---|---|---|
| 001 | 000027260 | ||
| 005 | 20240412074253.0 | ||
| 008 | 090630s2007 dr r 000 j spa d | ||
| 040 |
_aDO-SdBNP _bspa _cBNPHU |
||
| 082 |
_aRD863.5 _bM828er, 2007 |
||
| 100 | 1 |
_aMorales, Jesús, _d1980- _940210 |
|
| 245 | 1 | 0 |
_aError por una letra : _bcuentos, historietas y otras vainas / _cJesús Morales. |
| 260 |
_aSanto Domingo : _bCentenario, _c2007. |
||
| 300 |
_a102 p. : ; _c21 cm. |
||
| 590 | _aInventariado, 2019/BT | ||
| 650 | 0 |
_aCuentos dominicanos _9176 |
|
| 650 | 0 |
_aLiteratura dominicana. _967 |
|
| 910 | _aValidado. Control de calidad MFF | ||
| 999 |
_c26752 _d26752 |
||